Στοιχεία αμπελουργίας και οινολογίας

Αποθηκεύτηκε σε:
Λεπτομέρειες βιβλιογραφικής εγγραφής
Κύριος συγγραφέας: Ζαρμπούτης, Γιάννης Β.
Άλλοι συγγραφείς: Τσιβεριώτου, Μαρία Α.
Μορφή: Βιβλίο
Γλώσσα:Greek
Δημοσίευση: Αθήνα : Ίων, c2003.
Θέματα:
Ετικέτες: Προσθήκη ετικέτας
Δεν υπάρχουν, Καταχωρήστε ετικέτα πρώτοι!

MARC

LEADER 00000cam a2200000 i 4500
001 1/50524
008 070803s2003 gr | ||| |||| ||gre||
020 |a 9604113607 
035 |l 10089479 
040 |a GR-MyUA  |b gre  |e AACR2 
041 0 |a gre 
082 0 |a 634.8  |2 (22) 
100 1 |a Ζαρμπούτης, Γιάννης Β. 
245 1 0 |a Στοιχεία αμπελουργίας και οινολογίας /   |c Γιάννης Β. Ζαρμπούτης και Μαρία Α. Τσιβεριώτου.  
260 |a Αθήνα :   |b Ίων,   |c c2003.  
300 |a 136 σ. :   |b εικ. ;   |c 24 εκ.  
650 0 0 |a Viticulture. 
650 0 0 |a Wine and wine making. 
700 1 |a Τσιβεριώτου, Μαρία Α. 
852 |a INST  |b SAMOS  |e 20070803  |h 634.8 ΖΑΡ  |p 005300025707  |q 005300025707  |t BK  |y 0 
852 |a INST  |b SAMOS  |e 20070803  |h 634.8 ΖΑΡ  |p 005300025708  |q 005300025708  |t BK  |y 0 
901 |a BIBL3-2007-2 
909 |a Σ  |b 136181 
909 |a Σ  |b 136182 
922 |a 3ΕΛΗ  |b 200707  |c ΕΠΕΑΕΚ2/ΤΜΗΜΑ ΜΑΘΗΜΑΤΙΚΩΝ  |d Σ. ΠΑΤΑΚΗΣ 
970 |a ΜΑΛΑΓΑΡΗ  |b ΦΩΤΕΙΝΗ  |z 2007/08/03